Complete Java 2 certification study guide / (رقم التسجيلة. 180134)

تفاصيل مارك
000 -LEADER
fixed length control field 01605camaa22004091i 4500
001 - CONTROL NUMBER
control field 202167
003 - CONTROL NUMBER IDENTIFIER
control field EG-GICUC
005 - DATE AND TIME OF LATEST TRANSACTION
control field 20260513151620.0
008 - FIXED-LENGTH DATA ELEMENTS--GENERAL INFORMATION
fixed length control field 990311s1999 caua jr 001 0 eng d
020 ## - INTERNATIONAL STANDARD BOOK NUMBER
International Standard Book Number 0782127002
020 ## - INTERNATIONAL STANDARD BOOK NUMBER
International Standard Book Number 9780782127003
035 ## - SYSTEM CONTROL NUMBER
System control number (DLC) 99061816
040 ## - CATALOGING SOURCE
Original cataloging agency OCoLC-P
Transcribing agency OCoLC-P
Modifying agency DLC
-- EG-GICUC
Language of cataloging eng
Description conventions rda
082 00 - DEWEY DECIMAL CLASSIFICATION NUMBER
Classification number 005.13/3
Edition number 21
Item number R5442
092 04 - LOCALLY ASSIGNED DEWEY CALL NUMBER (OCLC)
Edition number 21
Classification number 005.13/3
Item number R5442
099 ## - LOCAL FREE-TEXT CALL NUMBER (OCLC)
Classification number 005.13/3 R5442
100 1# - MAIN ENTRY--PERSONAL NAME
Personal name Roberts, Simon.
Relator term مؤلف.
245 10 - TITLE STATEMENT
Title Complete Java 2 certification study guide /
Statement of responsibility, etc. Simon Roberts, Philip Heller, Michael Ernest.
264 ## - PRODUCTION, PUBLICATION, DISTRIBUTION, MANUFACTURE, AND COPYRIGHT NOTICE
Place of production, publication, distribution, manufacture San Francisco :
Name of producer, publisher, distributor, manufacturer Sybex,
Date of production, publication, distribution, manufacture, or copyright notice c1999.
300 ## - PHYSICAL DESCRIPTION
Extent xxvi, 885 p. :
Other physical details illustration . ;
Dimensions 24 cm. +
Accompanying material 1 computer laser optical disc (4 3/4 in.)
336 ## - CONTENT TYPE
Content type term text
Content type code txt
Source rdacontent
337 ## - MEDIA TYPE
Media type term unmediated
Media type code n
Source rdamedia
338 ## - CARRIER TYPE
Carrier type term volume
Carrier type code nc
Source rdacarrier
500 ## - GENERAL NOTE
General note Includes index.
500 ## - GENERAL NOTE
General note CD-ROM includes a test engine and Java 2 SDK, version 1.2.
504 ## - BIBLIOGRAPHY, ETC. NOTE
Bibliography, etc. note Bibliography: pages 548-885.
538 ## - SYSTEM DETAILS NOTE
System details note System requirements: Windows 95, Windows 98, Windows NT Workstation 4, or Unix.
541 ## - IMMEDIATE SOURCE OF ACQUISITION NOTE
Source of acquisition وزارة الثقافة ؛
Address القاهرة ؛
Method of acquisition إهداء ؛
Date of acquisition 2023.
650 #0 - SUBJECT ADDED ENTRY--TOPICAL TERM
Topical term or geographic name entry element Electronic data processing personnel
General subdivision Certification.
650 #0 - SUBJECT ADDED ENTRY--TOPICAL TERM
Topical term or geographic name entry element Microsoft software
General subdivision Examinations
Form subdivision Study guides.
650 #0 - SUBJECT ADDED ENTRY--TOPICAL TERM
Topical term or geographic name entry element Java (Computer program language)
700 1# - ADDED ENTRY--PERSONAL NAME
Personal name Heller, Philip.
Relator term Reviewer.
700 1# - ADDED ENTRY--PERSONAL NAME
Personal name Ernest, Michael.
Relator term Reviewer.
856 42 - ELECTRONIC LOCATION AND ACCESS
Materials specified Publisher description
Uniform Resource Identifier <a href="http://www.loc.gov/catdir/enhancements/fy0602/99061816-d.html">http://www.loc.gov/catdir/enhancements/fy0602/99061816-d.html</a>
905 ## - Cataloger and Reviser Names
Cataloger Name Samah
942 ## - ADDED ENTRY ELEMENTS (KOHA)
Source of classification or shelving scheme Dewey Decimal Classification
Koha item type Books
Edition 21
Suppress in OPAC No
المقتنيات
Withdrawn status Lost status Source of classification or shelving scheme Damaged status Not for loan Home library Current library Date acquired Inventory number Total checkouts Full call number Barcode Date last seen Price effective from Koha item type
    Dewey Decimal Classification   Not for loan مكتبة جامعة القاهرة الاهلية قاعة الهندسة 13.05.2026 13   005.13/3 R5442 02010001300000 13.05.2026 13.05.2026 Books
Cairo University Libraries Portal Implemented & Customized by: Eng. M. Mohamady Contacts: new-lib@cl.cu.edu.eg | cnul@cl.cu.edu.eg
CUCL logo CNUL logo
© All rights reserved — Cairo University Libraries
CUCL logo
Implemented & Customized by: Eng. M. Mohamady Contact: new-lib@cl.cu.edu.eg © All rights reserved — New Central Library
CNUL logo
Implemented & Customized by: Eng. M. Mohamady Contact: cnul@cl.cu.edu.eg © All rights reserved — Cairo National University Library